| 000 | 00548nam a2200181Ia 4500 | ||
|---|---|---|---|
| 005 | 20250508160426.0 | ||
| 008 | 008 250505s9999 xx 000 0 eng d | ||
| 037 | _aBooks to be hide in OPAC | ||
| 040 |
_aFEDL _beng _cFEDL |
||
| 041 |
_aeng _2eng |
||
| 084 |
_a315.4058, HIN/O _qFEDL |
||
| 100 | _aSarkar S Ed. | ||
| 245 | 0 | _aHindustan year-book and who's who 1969 | |
| 260 |
_aCalcutta, India _bM. C. Sarkar and Sons Private Ltd. _c1969 |
||
| 300 | _axvi,236p. | ||
| 942 |
_cHB _h315.4058, HIN/O |
||
| 999 |
_c1364527 _d1364527 |
||